[Event "Central Serbia 2015 Cup"]
[Site "Vrnjacka Banja"]
[Date "2015.05.03"]
[Round "8.3"]
[White "Pejcic, Milutin"]
[Black "Tomovic, Miroslav"]
[Result "1-0"]
[WhiteElo "2167"]
[BlackElo "1910"]
[PlyCount "123"]
[EventDate "2015.03.22"]

1. Nf3 Nf6 2. c4 e6 3. g3 b6 4. Bg2 Bb7 5. O-O Be7 6. Nc3 d6 7. d4 c6 8. e4 O-O
9. e5 Nfd7 10. exd6 Bxd6 11. Ne4 Be7 12. Bf4 Nf6 13. Ne5 Nxe4 14. Bxe4 Bf6 15.
Qd3 g6 16. Rfd1 Bxe5 17. Bxe5 Nd7 18. Qf3 Rc8 19. Bf4 Kg7 20. Qe3 Re8 21. h4
Ba8 22. Qc3 f6 23. Bc2 Qe7 24. Re1 Qf7 25. c5 bxc5 26. dxc5 e5 27. Be3 Nf8 28.
f4 exf4 29. Bxf4 Rxe1+ 30. Rxe1 Re8 31. Bb3 Rxe1+ 32. Qxe1 Qd7 33. Qe3 Qd8 34.
g4 Bb7 35. g5 Qd7 36. gxf6+ Kh8 37. Qe5 Qg4+ 38. Bg3 h5 39. Qe7 Qd4+ 40. Kh2
Qd2+ 41. Kh3 Qd7+ 42. Qxd7 Nxd7 43. f7 Kg7 44. Bd6 Ba6 45. Kg3 Bd3 46. Kf4 a6
47. Kg5 Bf5 48. Bc4 Be4 49. b4 Bc2 50. a3 Bf5 51. Bb3 Nf8 52. Be5+ Kh7 53. Kf6
Nd7+ 54. Ke7 g5 55. Bg3 gxh4 56. Bxh4 Kg7 57. Bf2 Kg6 58. Bc4 Kg5 59. Bxa6 Ne5
60. f8=Q Ng6+ 61. Ke8 Nxf8 62. Kxf8 1-0

[Event "Central Serbia 2015 Cup"]
[Site "Vrnjacka Banja"]
[Date "2015.05.03"]
[Round "8.4"]
[White "Mrsevic, Miroslav"]
[Black "Mladenovic, Stefan"]
[Result "1/2-1/2"]
[WhiteElo "2306"]
[BlackElo "2319"]
[PlyCount "25"]
[EventDate "2015.03.22"]

1. e4 e6 2. d3 d5 3. Qe2 Be7 4. g3 Nf6 5. Bg2 O-O 6. Nf3 c5 7. O-O Nc6 8. e5
Nd7 9. c4 a6 10. h4 b5 11. cxd5 exd5 12. e6 Nb6 13. exf7+ 1/2-1/2

[Event "Central Serbia 2015 Cup"]
[Site "Vrnjacka Banja"]
[Date "2015.05.03"]
[Round "8.4"]
[White "Todorovic, Nenad I"]
[Black "Kahrovic, Mersid"]
[Result "1-0"]
[WhiteElo "2216"]
[BlackElo "2306"]
[PlyCount "57"]
[EventDate "2015.03.22"]

1. e4 c6 2. d4 d5 3. e5 e6 4. Nf3 c5 5. c3 Nc6 6. Bd3 h6 7. O-O Qb6 8. dxc5
Bxc5 9. b4 Be7 10. Nbd2 Bd7 11. Nb3 Qc7 12. Qe2 Kf8 13. b5 Na5 14. Nxa5 Qxa5
15. c4 Bb4 16. cxd5 exd5 17. Bb2 Bc3 18. Bxc3 Qxc3 19. Rac1 Qa5 20. Nd4 Qb6 21.
Qb2 Ne7 22. Kh1 a6 23. f4 axb5 24. f5 Nc6 25. Nxb5 Kg8 26. Rce1 Re8 27. e6 Bxe6
28. fxe6 fxe6 29. Bg6 1-0

[Event "Central Serbia 2015 Cup"]
[Site "Vrnjacka Banja"]
[Date "2015.05.03"]
[Round "8.4"]
[White "Dumic, Marko"]
[Black "Livaja, Mario"]
[Result "1/2-1/2"]
[WhiteElo "2262"]
[BlackElo "2193"]
[PlyCount "76"]
[EventDate "2015.03.22"]

1. d4 Nf6 2. c4 g6 3. Nc3 Bg7 4. e4 d6 5. f3 O-O 6. Be3 c5 7. Nge2 Qa5 8. Qd2
Rd8 9. Rd1 Nc6 10. d5 Ne5 11. b3 a6 12. h3 b5 13. f4 Ned7 14. Ng3 h5 15. Bd3
Ng4 16. Nce2 Qxd2+ 17. Bxd2 Ngf6 18. O-O h4 19. Nh1 Nh5 20. g4 hxg3 21. Nhxg3
Nxg3 22. Nxg3 b4 23. h4 Bd4+ 24. Kg2 Nf6 25. Ne2 Bg4 26. Nxd4 Bxd1 27. Nc6 Bg4
28. e5 Ne8 29. Nxd8 Rxd8 30. f5 dxe5 31. fxg6 f6 32. Be3 Rc8 33. Bf5 Bxf5 34.
Rxf5 Kg7 35. h5 a5 36. Rf3 Nd6 37. Kg3 a4 38. Kg4 a3 1/2-1/2

[Event "Central Serbia 2015 Cup"]
[Site "Vrnjacka Banja"]
[Date "2015.05.03"]
[Round "8.4"]
[White "Ostojic, Nikola M"]
[Black "Brajovic, Miroljub"]
[Result "1/2-1/2"]
[WhiteElo "2036"]
[BlackElo "2102"]
[PlyCount "45"]
[EventDate "2015.03.22"]

1. c4 Nf6 2. Nc3 d5 3. cxd5 Nxd5 4. e4 Nxc3 5. bxc3 e6 6. Nf3 Be7 7. d4 O-O 8.
Bd3 b6 9. O-O Bb7 10. Qe2 Nd7 11. Ba6 Qc8 12. Bxb7 Qxb7 13. Bf4 c5 14. Rad1
cxd4 15. cxd4 Nf6 16. d5 exd5 17. exd5 Bc5 18. Bg5 Rfe8 19. Qd3 Ne4 20. Bh4 h6
21. Nd2 Nxd2 22. Rxd2 Bd6 23. Bg3 1/2-1/2